000
00271nam a2200109Ia 4500
008
180219s9999 xx 000 0 und d
020
_a
375704027
100
_a
Murakami, Haruki
245
_a
Norwegian wood /
260
_a
USA :
_b
Vintage books
_c
2000
300
_a
296 pages
999
_c
355983
_d
355983